Sauces & Salsas (Record no. 617776)

MARC details
000 -LEADER
fixed length control field 00410nam a2200157 4500
008 - FIXED-LENGTH DATA ELEMENTS--GENERAL INFORMATION
fixed length control field 260317b |||||||| |||| 00| 0 eng d
020 ## - INTERNATIONAL STANDARD BOOK NUMBER
ISBN 9780751307856
Paper back/Hardbound hbk
041 ## - LANGUAGE CODE
Language code of text/sound track or separate title eng
082 ## - DEWEY DECIMAL CLASSIFICATION NUMBER
Classification number 641.814
Item number SCH
100 ## - MAIN ENTRY--AUTHOR NAME
Personal name Schwartz, oded
245 ## - TITLE STATEMENT
Title Sauces & Salsas
Statement of responsibility, etc oded schwarts
260 ## - PUBLICATION, DISTRIBUTION, ETC. (IMPRINT)
Place of publication London
Name of publisher dorling kindersley
Year of publication 1999
300 ## - PHYSICAL DESCRIPTION
Number of Pages 144 p.: ill.: 28 c.m.
942 ## - ADDED ENTRY ELEMENTS (KOHA)
Koha item type Reference
Holdings
Withdrawn status Lost status Damaged status Not for loan Home library Current library Shelving location Date acquired Full call number Accession Number Price effective from Koha item type
        Anna Centenary Library Anna Centenary Library 6TH FLOOR, A WING 17.03.2026 641.814 SCH 436015 17.03.2026 Reference

Find us on the map